CHAMBER's Technical dictionary : Comprising terms used in pure and applied science: medicine: the chief manufacturing industries: engineering: construction: the mechanic trades; with definitions by recognised authorities

Bibliographic Details
Other Authors: Hughes (Leslie Ernest Charles), Tweney (Charles Frederick)
Format: Book
Published: Edinburgh; London : W. & R. Chambers , 1947
Edition:Rev. ed., with supplement.
Subjects:

MARC

LEADER 00000cam a2200000 7i4500
001 0000000999
005 20131206.0
090 0 0 |a R600   |b CHA 1947 
245 0 0 |a CHAMBER's Technical dictionary :   |b Comprising terms used in pure and applied science: medicine: the chief manufacturing industries: engineering: construction: the mechanic trades; with definitions by recognised authorities   |c edited by C. F. Tweney and L.E. C. Hughes 
250 0 0 |a Rev. ed., with supplement. 
260 0 0 |a Edinburgh; London :   |b W. & R. Chambers ,   |c 1947 
300 |a vi, [2]p., 975 p. ;   |c 21 cm. 
650 0 0 |a Technology   |x Dictionaries 
700 0 1 |a Hughes   |h L. E. C. [  |q (Leslie Ernest Charles)] 
700 0 1 |a Tweney   |h C. F. [  |q (Charles Frederick)] 
998 |a JPSM 
999 |a 0000000084   |b Monograph   |c Reference   |e Default branch